[Event "Reunion op 18th"]
[Site "St Denis"]
[Date "2016.10.11"]
[Round "2"]
[White "Leccia, Antoine"]
[Black "Payet, Bruno"]
[Result "1-0"]
[WhiteElo "1342"]
[BlackElo "1111"]
[PlyCount "117"]
[EventDate "2016.10.10"]
[EventType "swiss"]
[EventRounds "7"]
[EventCountry "RUF"]
[SourceTitle "CBM 175 Extra"]
[Source "ChessBase"]
[SourceDate "2016.12.12"]
[SourceVersion "1"]
[SourceVersionDate "2016.12.12"]
[SourceQuality "1"]

1. d4 Nc6 2. c4 d6 3. Nf3 Bf5 4. Nc3 Qd7 5. e4 Bg4 6. Be3 Nf6 7. Be2 h6 8. h3 Bh5 9. Qc2 e6 10. Rd1 Be7 11. e5 Nh7 12. a3 Bg6 13. Bd3 Bxd3 14. Rxd3 f6 15. Ne2 Ng5 16. Bxg5 fxg5 17. Rd1 0-0-0 18. exd6 Bxd6 19. b4 Rhe8 20. c5 Be7 21. 0-0 h5 22. Ne5 Qd5 23. Nc3 Nxd4 24. Nxd5 Nxc2 25. Nxe7+ Rxe7 26. Rxd8+ Kxd8 27. Rd1+ Kc8 28. Rd3 c6 29. Kf1 Kc7 30. Ke2 b6 31. Kd2 Nxb4 32. axb4 b5 33. Ra3 Kb7 34. Rxa7+ Kxa7 35. Nxc6+ Kb7 36. Nxe7 Kc7 37. Kc3 Kd7 38. Ng6 Kc6 39. Kd4 Kd7 40. Ke5 g4 41. Nf8+ Ke7 42. Nxe6 g5 43. c6 gxh3 44. gxh3 g4 45. c7 Kf7 46. hxg4 hxg4 47. Kd5 Ke7 48. Kc6 g3 49. fxg3 Kxe6 50. c8Q+ Kf6 51. Qd8+ Kf5 52. Qe8 Kg4 53. Qf7 Kxg3 54. Kd5 Kg4 55. Ke4 Kg5 56. Qf5+ Kh4 57. Qg6 Kh3 58. Kf3 Kh2 59. Qg2# 1-0